Famous People by Pictures - F - Statistics

General Stats
  • This quiz has been taken 71 times
  • The average score is 5 of 15
Answer Stats
Picture Answer % Correct
Freddie Mercury
93%
Frank Sinatra
82%
Fergie
63%
Florence Pugh
45%
Flo Rida
45%
Future
32%
Finn Wolfhard
30%
Frank Ocean
28%
Florence Welch
18%
FINNEAS
17%
Frankie Grande
17%
Faith Evans
10%
Felix
2%
Frances Hodgson Burnett
0%
Freida Mcfadden
0%
No matching quizzes found
Score Distribution
Percent of People with Each Score
Percentile by Number Answered
Your Score History
You have not taken this quiz